000 00675nam a2200289Ia 4500
005 20260324131708.0
008 008 260324s9999 xx 000 0 eng d
020 _a9781315635552
037 _aEBOOK
040 _aCRL
040 _beng
040 _cCRL
041 _2eng
041 _aeng
084 _qCRL
100 _aGilbert Achcar
_91186472
245 0 _aClash of Barbarisms
245 4 _bThe Making of the New World Disorder
260 _bTaylor and Francis
260 _c2006
365 _a
365 _b340
856 _uhttp://www.taylorfrancis.com/books/9781315635552
942 _cEBOOK
999 _c1783882
_d1783882